Влияние размеров инфракрасных излучателей на тепловые режимы помещений; Современные техника и технологии; Т. 3
| Parent link: | Современные техника и технологии: сборник трудов XX международной научно-практической конференции студентов, аспирантов и молодых ученых, Томск, 14-18 апреля 2014 г./ Национальный исследовательский Томский политехнический университет (ТПУ).— , 2014 Т. 3.— 2014.— [С. 163-164] |
|---|---|
| المؤلف الرئيسي: | |
| مؤلف مشترك: | |
| مؤلفون آخرون: | |
| الملخص: | Заглавие с титульного экрана |
| اللغة: | الروسية |
| منشور في: |
2014
|
| سلاسل: | Теплоэнергетика |
| الموضوعات: | |
| الوصول للمادة أونلاين: | http://earchive.tpu.ru/handle/11683/20921 http://www.lib.tpu.ru/fulltext/c/2014/C01/V3/077.pdf |
| التنسيق: | الكتروني فصل الكتاب |
| KOHA link: | https://koha.lib.tpu.ru/cgi-bin/koha/opac-detail.pl?biblionumber=607279 |
MARC
| LEADER | 00000naa2a2200000 4500 | ||
|---|---|---|---|
| 001 | 607279 | ||
| 005 | 20231218102842.0 | ||
| 035 | |a (RuTPU)RU\TPU\conf\4660 | ||
| 035 | |a RU\TPU\conf\4659 | ||
| 090 | |a 607279 | ||
| 100 | |a 20140707d2014 k y0rusy50 ca | ||
| 101 | 0 | |a rus | |
| 102 | |a RU | ||
| 105 | |a y z 101zy | ||
| 135 | |a drcn ---uucaa | ||
| 181 | 0 | |a i | |
| 182 | 0 | |a b | |
| 200 | 1 | |a Влияние размеров инфракрасных излучателей на тепловые режимы помещений |f В. И. Максимов, Т. А. Нагорнова | |
| 203 | |a Текст |c электронный | ||
| 225 | 1 | |a Теплоэнергетика | |
| 300 | |a Заглавие с титульного экрана | ||
| 320 | |a [Библиогр.: с. 164 (5 назв.)] | ||
| 337 | |a Adobe Reader | ||
| 461 | 1 | |0 (RuTPU)RU\TPU\conf\3687 |t Современные техника и технологии |o сборник трудов XX международной научно-практической конференции студентов, аспирантов и молодых ученых, Томск, 14-18 апреля 2014 г. |o в 3 т. |f Национальный исследовательский Томский политехнический университет (ТПУ) |d 2014 | |
| 463 | 0 | |0 (RuTPU)RU\TPU\conf\3691 |t Т. 3 |v [С. 163-164] |d 2014 | |
| 610 | 1 | |a труды учёных ТПУ | |
| 610 | 1 | |a электронный ресурс | |
| 610 | 1 | |a инфракрасные излучатели | |
| 610 | 1 | |a тепловые режимы | |
| 610 | 1 | |a теплоснабжение | |
| 610 | 1 | |a теплоперенос | |
| 610 | 1 | |a дифференциальные уравнения | |
| 700 | 1 | |a Максимов |b В. И. |c специалист в области теплотехники |c доцент Томского политехнического университета, кандидат технических наук |f 1977- |g Вячеслав Иванович |3 (RuTPU)RU\TPU\pers\25530 |9 11460 | |
| 701 | 1 | |a Нагорнова |b Т. А. |c специалист в области теплотехники |c доцент Томского политехнического университета, кандидат технических наук |f 1981- |g Татьяна Александровна |3 (RuTPU)RU\TPU\pers\29375 |9 13957 | |
| 712 | 0 | 2 | |a Национальный исследовательский Томский политехнический университет (ТПУ) |b Энергетический институт (ЭНИН) |b Кафедра теоретической и промышленной теплотехники (ТПТ) |3 (RuTPU)RU\TPU\col\18679 |
| 801 | 2 | |a RU |b 63413507 |c 20210315 |g RCR | |
| 856 | 4 | |u http://earchive.tpu.ru/handle/11683/20921 | |
| 856 | 4 | |u http://www.lib.tpu.ru/fulltext/c/2014/C01/V3/077.pdf | |
| 942 | |c BK | ||